000 00300nam a22001337a 4500
008 170131b xxu||||| |||| 00| 0 eng d
020 _a0133803112
041 _aeng
080 _22ND
_a61
100 _a3
101 _aSHMI
245 _aHANDBOOK OF MEDICAL SOCIOLOGY
_cFREEMAN, H.E
942 _2udc
_cBK
999 _c4049
_d4049